| 000 | 00971nam a2200229Ia 4500 | ||
|---|---|---|---|
| 001 | 22947 | ||
| 005 | 20260415145245.0 | ||
| 008 | 260414t2014||||xx |||||||||||||| ||spa|| | ||
| 041 | _aESP | ||
| 082 |
_a624.171 _bCH566 |
||
| 100 |
_aChopra, Anil K. _eAUT |
||
| 245 | 0 | _aDinámica de estructuras | |
| 260 | _c2014 | ||
| 300 |
_axxxiii, 944 páginas : _c24 cm. |
||
| 650 | _a0 | ||
| 654 | _aCIC | ||
| 856 |
_uhttps://itmsp.museknowledge.com/UCSP?url=https://www.ebooks7-24.com:443/?il=3476&pg=1 _zVersión digital |
||
| 856 |
_uhttps://0u213wksh-y-https-ebooks7--24-com.itmsp.museknowledge.com/biblioteca.aspx _zVéase además: Base de datos Ebook7-24 |
||
| 856 |
_uhttps://0u20fwkso-y-https-research-ebsco-com.itmsp.museknowledge.com/c/qxo6us/search _zVéase además: Base de datos EBSCOhost |
||
| 856 |
_uhttps://0u21dwkss-y-https-ebooks-editorialmacro-com.itmsp.museknowledge.com/library _zVéase además: Base de datos Macro Digital |
||
| 942 |
_cLIB _dJUS _fJUS _2ddc |
||
| 999 |
_c22947 _d22947 |
||